000 00435nam a22001697a 4500
003 NUST - PNEC
005 20170116181133.0
008 150416b xxu||||| |||| 00| 0 eng d
020 _a-
040 _cLIRBARY
082 _a629.8 LED
100 _914091
_aLedgerwood, Byron K.
245 _aControl Engineering Manual
_bByron K. Ledgerwood
260 _cc.1957
650 _914095
_aControl Engineering
_xMS COM
942 _2ddc
_cBK
999 _c70075
_d70075